[Event "Cellavision Cup 2018"]
[Site "Lund"]
[Date "2018.08.05"]
[Round "8"]
[White "Ornstein, Axel"]
[Black "Hansen, Torbjorn Ringdal"]
[Result "0-1"]
[WhiteElo "2309"]
[BlackElo "2422"]
[Annotator "TA"]
[PlyCount "40"]
[EventDate "2018.08.03"]
[EventType "swiss"]
[EventCountry "SWE"]
[SourceTitle "playchess.com"]
[Source "ChessBase"]
[SourceQuality "1"]

{[%evp 14,40,36,34,50,22,37,-2,-10,-15,-10,-14,-25,-14,7,-54,-65,-62,-53,-58,-50,-63,-72,-88,-64,-67,-53,-116,-49]} 1. d4 Nf6 2. Nf3 d6 3. g3 g6 4. Bg2 Bg7 5. O-O O-O 6. Re1 Nc6 {[%cal Bb8c6,Bc6a5,Ba5b7,Bb7c5,Bc5a4][%mdl 32]} 7. d5 Na5 {A49: 1 d4 Nf6 2 Nf3 g6 3 g3: Anti-King's Indian systems} (7... Nb8 8. c4 c6 9. e4 cxd5 10. exd5 a5 11. Nc3 Na6 12. Be3 Nc5 13. Nd4 Bd7 14. b3 Rc8 15. h3 {½-½ (63) Mamedyarov,S (2804)-Pichot,A (2552) chess.com INT 2018}) 8. e4 {LiveBook: 8 Games} e5 $146 ({Predecessor:} 8... c6 9. dxc6 Nxc6 10. h3 Qa5 11. Nc3 Be6 12. Bd2 Qb6 13. b3 d5 14. Ng5 Nxe4 15. Ncxe4 dxe4 16. Nxe6 fxe6 {½-½ (73) Petrosian,T (2604)-Petrosian,D (2485) Yerevan 2011}) 9. Nbd2 {[#] And now b4 would win.} c5 {The position is equal.} 10. dxc6 bxc6 11. b4 Nb7 12. a4 a5 13. b5 Nc5 14. Ba3 (14. Nc4 $11) 14... Nxa4 $15 15. c4 cxb5 $1 16. cxb5 Nb6 $1 17. Rc1 Re8 18. Nc4 Nxc4 19. Rxc4 Bf8 20. Qa4 ({Better is} 20. Rc2 $15) 20... Bb7 {Precision: White = 43%, Black = 58%.} (20... Bd7 $17 21. Rb1 Qb6) 0-1

[Event "Cellavision Cup 2018"]
[Site "Lund"]
[Date "2018.08.05"]
[Round "8"]
[White "Schwarz, Dusan"]
[Black "Lindberg, Bengt"]
[Result "1-0"]
[WhiteElo "2274"]
[BlackElo "2416"]
[Annotator "TA"]
[PlyCount "59"]
[EventDate "2018.08.03"]
[EventType "swiss"]
[EventCountry "SWE"]
[SourceTitle "playchess.com"]
[Source "ChessBase"]
[SourceQuality "1"]

{[%evp 16,59,-31,0,45,45,48,5,47,52,59,58,56,55,120,119,122,68,181,187,240,216,223,230,229,221,311,310,712,710,743,710,868,870,986,967,1272,1245,29992,1036,1329,1018,29993,29994,29994,29995]} 1. d4 Nf6 2. Bg5 e6 3. e4 h6 4. Bxf6 Qxf6 5. Nc3 Bb4 6. Qd2 d6 7. a3 Ba5 {A45: Trompowsky Attack} 8. f4 {[%cal Bf2f4,Bf4f5][%mdl 32]} (8. Nge2 Nc6 9. Rd1 O-O 10. f4 e5 11. dxe5 dxe5 12. b4 Bb6 13. f5 Ne7 14. Na4 Qh4+ 15. Ng3 {½-½ (39) Nakamura,H (2793)-Caruana,F (2787) Saint Louis 2015 CBM 169 Extra [CB]}) 8... Bxc3 9. bxc3 {LiveBook: 7 Games} g5 {The position is equal.} 10. Nh3 {[%cal Rf4g5]} e5 $146 ({Predecessor:} 10... Rg8 11. e5 Qg7 12. Nf2 gxf4 13. exd6 cxd6 14. Ne4 d5 15. Nd6+ {½-½ (82) Gohil,H (2375)-Schnitzspan,L (2321) Germany 2004}) 11. f5 exd4 12. cxd4 Nc6 13. Bb5 Bd7 14. c3 {[%cal Bc2c3,Bc3d4,Bd4d5,Bd5d6][%mdl 32]} a6 (14... Qe7 $14) 15. Bd3 $16 Na5 16. Rb1 ({Better is} 16. Qb2 $16) 16... c5 (16... Bb5 $1 $14) 17. Nf2 $18 cxd4 (17... Qe7 {might work better.} 18. c4 Nc6) 18. cxd4 Nc6 {[#]} 19. e5 $1 {[%cal Re5f6]} ({Don't take} 19. Rxb7 $6 Qxd4 20. O-O Ra7 $16) 19... dxe5 20. Ne4 ({Much less strong is} 20. Rxb7 $6 exd4 21. O-O Qd8) 20... Qe7 (20... Qd8 {was called for.}) 21. d5 ({Weaker is} 21. Rxb7 exd4 22. O-O Ra7 $16) 21... Nd4 $2 (21... Rb8 22. dxc6 Bxc6) 22. Rxb7 f6 23. d6 Qf7 24. Bb1 {[%cal Bd3b1,Bb1a2,Ba2e6,Be6d7,Bd7b5][%mdl 32]} Rf8 25. Ba2 Qh5 {[#]} 26. Be6 $1 {[%mdl 512]} O-O-O (26... Nxe6 27. fxe6) 27. Rc7+ (27. Rb6 $142 Qe2+ 28. Qxe2 Nxe2 29. Kxe2 Bxe6 30. Rc1+ Bc4+ 31. Rxc4+ Kd7 32. Rc7+ Ke8 33. Re7#) 27... Kb8 28. Bxd7 {Intending Qb4+ and mate.} Qg4 29. Qb4+ Nb5 30. Bxb5 {Precision: White = 76%, Black = 13%.} 1-0

[Event "Cellavision Cup 2018"]
[Site "Lund"]
[Date "2018.08.05"]
[Round "8"]
[White "Ronneland, Daniel"]
[Black "Sjodahl, Pontus"]
[Result "0-1"]
[WhiteElo "2206"]
[BlackElo "2404"]
[Annotator "NA"]
[PlyCount "120"]
[EventDate "2018.08.03"]
[EventType "swiss"]
[EventCountry "SWE"]
[SourceTitle "playchess.com"]
[Source "ChessBase"]
[SourceQuality "1"]
[TimeControl "5400+30"]

1. d4 {[%emt 0:00:00]} Nf6 {[%emt 0:00:00]} 2. c4 {[%emt 0:00:21]} e6 {[%emt 0:00:15]} 3. Nf3 {[%emt 0:00:38]} d5 {[%emt 0:00:15]} 4. Nc3 {[%emt 0:00:26]} Bb4 {[%emt 0:00:39]} 5. Qa4+ {[%emt 0:01:18]} Nc6 {[%emt 0:00:07]} 6. e3 {[%emt 0:00:26]} O-O {[%emt 0:02:45]} 7. Bd2 {[%emt 0:00:48]} a6 {[%emt 0:09:52]} 8. a3 {[%emt 0:04:49]} Bd6 {[%emt 0:02:04]} 9. c5 {[%emt 0:05:40]} Be7 {[%emt 0:00:37]} 10. b4 {[%emt 0:00:56]} Ne4 {[%emt 0:03:10]} 11. b5 {[%emt 0:04:30]} Nb8 {[%emt 0:15:26]} 12. Nxe4 {[%emt 0:04:55]} dxe4 {[%emt 0:00:19]} 13. Ne5 {[%emt 0:00:14]} Nd7 {[%emt 0:08:02]} 14. c6 {[%emt 0:12:16]} Nb6 {[%emt 0:18:34]} 15. Qb3 {[%emt 0:00:40]} (15. Qc2 $16) 15... Bd6 $11 {[%emt 0:03:15]} 16. Bb4 {[%emt 0:13:15]} Nd5 {[%emt 0:04:48]} 17. cxb7 {[%emt 0:07:33]} Bxb7 {[%emt 0:00:26]} 18. bxa6 {[%emt 0:01:16]} Bxa6 {[%emt 0:00:45]} 19. Bxa6 {[%emt 0:00:06]} Rxa6 {[%emt 0:00:20]} 20. O-O {[%emt 0:00:25]} Qa8 {[%emt 0:03:09]} 21. Rab1 {[%emt 0:02:19]} Nxb4 {[%emt 0:06:11]} 22. axb4 {[%emt 0:02:07]} Rb8 {[%emt 0:01:25]} 23. Qc2 {[%emt 0:11:56]} Qd5 {[%emt 0:04:49]} 24. Nd7 {[%emt 0:05:09]} Bxh2+ {[%emt 0:03:06]} 25. Kxh2 {[%emt 0:00:14]} Qxd7 {[%emt 0:00:04]} 26. Qxe4 {[%emt 0:01:29]} Qd6+ {[%emt 0:04:26]} 27. Qe5 {[%emt 0:00:26]} Rab6 {[%emt 0:02:31]} 28. Rfc1 {[%emt 0:01:49]} Rb5 {[%emt 0:01:49]} 29. Qxd6 {[%emt 0:07:38]} cxd6 {[%emt 0:00:05]} 30. Rc7 {[%emt 0:01:57]} g6 {[%emt 0:00:28]} 31. Ra1 {[%emt 0:00:26]} Rxb4 {[%emt 0:00:51]} 32. Raa7 {[%emt 0:00:07]} Rf8 {[%emt 0:00:09]} 33. Rd7 {[%emt 0:00:20]} d5 {[%emt 0:00:22]} 34. g4 {[%emt 0:00:37]} h6 {[%emt 0:00:28]} 35. Kg3 {[%emt 0:00:34]} Kg7 {[%emt 0:00:24]} 36. Re7 {[%emt 0:02:52]} Kf6 {[%emt 0:00:41]} 37. f4 {[%emt 0:00:35]} Rb3 {[%emt 0:01:01]} 38. Kf3 {[%emt 0:00:09]} Rb1 {[%emt 0:00:23]} 39. Red7 {[%emt 0:02:05]} Rb6 {[%emt 0:02:10]} 40. Rac7 {[%emt 0:00:56]} g5 {[%emt 0:00:38]} 41. fxg5+ {[%emt 0:01:44]} hxg5 {[%emt 0:00:06]} 42. Ra7 {[%emt 0:00:21]} Rc6 {[%emt 0:00:21]} 43. Rab7 {[%emt 0:00:06]} Ra6 {[%emt 0:00:14]} 44. Rbc7 {[%emt 0:00:06]} Ra1 {[%emt 0:00:18]} 45. Rb7 {[%emt 0:00:21]} Rg1 {[%emt 0:00:19]} 46. Rdc7 {[%emt 0:00:49]} Kg6 {[%emt 0:00:13]} 47. Rd7 {[%emt 0:00:16]} Rh8 {[%emt 0:00:49]} 48. Ke2 {[%emt 0:00:38]} Rh2+ {[%emt 0:00:12]} 49. Kd3 {[%emt 0:00:12]} Rf2 {[%emt 0:00:55]} 50. Rb6 {[%emt 0:01:41]} Rf6 {[%emt 0:00:53]} 51. Rb8 {[%emt 0:00:56]} Kg7 {[%emt 0:01:01]} 52. Rdd8 {[%emt 0:00:08]} Rg6 {[%emt 0:00:22]} 53. Rg8+ {[%emt 0:01:51]} Kf6 {[%emt 0:00:07]} 54. Rgf8 {[%emt 0:01:40]} Rxg4 {[%emt 0:00:23]} 55. Rb7 {[%emt 0:00:22]} Rg7 {[%emt 0:00:09]} 56. Ke2 {[%emt 0:01:17]} Rh4 {[%emt 0:00:38]} 57. Kf3 {[%emt 0:00:17]} g4+ {[%emt 0:00:26]} 58. Kg2 {[%emt 0:00:09]} Rh3 {[%emt 0:00:52]} 59. Kf2 {[%emt 0:00:23]} g3+ {[%emt 0:00:26]} 60. Kg1 {[%emt 0:00:12]} g2 {[%emt 0:00:09]} 0-1

[Event "Cellavision Cup 2018"]
[Site "Lund"]
[Date "2018.08.05"]
[Round "8"]
[White "Wengholm, Anders"]
[Black "Kristiansen, Jens"]
[Result "0-1"]
[WhiteElo "2203"]
[BlackElo "2366"]
[Annotator "NA"]
[PlyCount "66"]
[EventDate "2018.08.03"]
[EventType "swiss"]
[EventCountry "SWE"]
[SourceTitle "playchess.com"]
[Source "ChessBase"]
[SourceQuality "1"]
[TimeControl "5400+30"]

1. Nf3 {[%emt 0:00:00]} g6 {[%emt 0:00:00]} 2. c4 {[%emt 0:00:00]} Bg7 {[%emt 0:00:00]} 3. Nc3 {[%emt 0:02:17]} d6 {[%emt 0:00:21]} 4. d4 {[%emt 0:04:49]} Nd7 {[%emt 0:00:44]} 5. e4 {[%emt 0:00:36]} e5 {[%emt 0:00:09]} 6. Be2 {[%emt 0:00:19]} Ngf6 {[%emt 0:00:21]} 7. O-O {[%emt 0:00:09]} O-O {[%emt 0:00:06]} 8. Re1 {[%emt 0:04:12]} c6 {[%emt 0:00:37]} 9. Bf1 {[%emt 0:05:04]} exd4 {[%emt 0:00:42]} 10. Nxd4 {[%emt 0:00:02]} Re8 {[%emt 0:00:20]} 11. Bg5 {[%emt 0:05:30]} h6 {[%emt 0:05:20]} 12. Bh4 {[%emt 0:00:22]} Nc5 {[%emt 0:03:13]} 13. Nb3 {[%emt 0:14:10]} Qb6 {[%emt 0:10:23]} 14. Nxc5 {[%emt 0:01:37]} Qxc5 {[%emt 0:02:46]} 15. Qd2 {[%emt 0:04:28]} Nh5 {[%emt 0:11:03]} 16. Na4 $15 {[%emt 0:15:45]} Qd4 {[%emt 0:08:43]} 17. Qe2 {[%emt 0:21:03]} f5 {[%emt 0:11:56]} 18. Rad1 {[%emt 0:07:58]} Qe5 {[%emt 0:00:29]} 19. exf5 {[%emt 0:01:23]} Bxf5 {[%emt 0:00:27]} 20. Qd2 {[%emt 0:01:17]} Qf4 {[%emt 0:00:29]} 21. Rxe8+ {[%emt 0:01:27]} Rxe8 {[%emt 0:00:07]} 22. Qxf4 {[%emt 0:01:03]} Nxf4 {[%emt 0:00:08]} 23. Rxd6 {[%emt 0:00:37]} Re1 {[%emt 0:06:41]} 24. f3 {[%emt 0:01:15]} Rc1 {[%emt 0:00:36]} 25. Kf2 {[%emt 0:03:09]} Rc2+ {[%emt 0:00:47]} 26. Ke3 {[%emt 0:00:07]} Nxg2+ {[%emt 0:13:31]} 27. Bxg2 {[%emt 0:00:01]} Rxc4 {[%emt 0:01:07]} 28. Bf6 {[%emt 0:02:07]} Bxf6 {[%emt 0:00:27]} 29. Rxf6 {[%emt 0:00:04]} Rxa4 {[%emt 0:00:06]} 30. a3 {[%emt 0:00:12]} Rc4 {[%emt 0:01:36]} 31. Bf1 {[%emt 0:00:43]} Rc2 {[%emt 0:02:16]} 32. Kd4 {[%emt 0:00:36]} Kg7 {[%emt 0:01:48]} 33. Rd6 {[%emt 0:00:07]} Rxb2 {[%emt 0:00:51]} 0-1